Guess the Harry Potter Movies by Scene #19 - Statistics

General Stats
  • This quiz has been taken 136 times
  • The average score is 17 of 20
Answer Stats
Picture Answer % Correct
Goblet of Fire
98%
Prisoner of Azkaban
98%
Half-Blood Prince
93%
Order of the Phoenix
93%
Chamber of Secrets
91%
Goblet of Fire
91%
Deathly Hallows – Part 1
86%
Half-Blood Prince
86%
Order of the Phoenix
86%
Prisoner of Azkaban
86%
Prisoner of Azkaban
86%
Goblet of Fire
84%
Goblet of Fire
84%
Order of the Phoenix
84%
Order of the Phoenix
84%
Deathly Hallows – Part 2
81%
Deathly Hallows – Part 1
79%
Philosopher's Stone
79%
Prisoner of Azkaban
77%
Deathly Hallows – Part 2
74%
No matching quizzes found
Score Distribution
Percent of People with Each Score
Percentile by Number Answered
Your Score History
You have not taken this quiz